|
|
|
|
| LEADER |
01086nas a22002537i 4500 |
| 003 |
GR-PaULI |
| 008 |
160622c19929999uk br|p |||| 00| b0eng d |
| 022 |
|
|
|a 0963-7214
|l 0963-7214
|
| 040 |
|
|
|a GR-PAULI
|b gre
|c GR-PAULI
|e AACR2
|
| 082 |
0 |
4 |
|2 23
|a 150
|
| 210 |
0 |
|
|a Curr. dir. psychol. sci.
|
| 222 |
|
0 |
|a Current directions in psychological science
|
| 245 |
1 |
0 |
|a Current directions in psychological science :
|b a journal of the American Psychological Society.
|
| 260 |
|
|
|a New York :
|b Cambridge University Press
|
| 300 |
|
|
|a v. ;
|c 28 εκ.
|
| 310 |
|
|
|a Διμηνιαίο
|
| 362 |
1 |
|
|a Άρχισε με το vol. 1 , no. 1 (Feb. 1992)
|
| 588 |
|
|
|a η περιγραφή βασίζεται σε: Vol . 5, no. 1 (Feb.1996).
|
| 650 |
|
0 |
|a Ψυχολογία
|x Περιοδικά
|v Περιοδικά
|9 155617
|
| 866 |
|
|
|a Vol. 5, no. 1 (1996)-v. 11, no. 6 (2002)
|
| 942 |
|
|
|2 ddc
|c JNL
|
| 952 |
|
|
|0 0
|1 0
|2 ddc
|4 0
|6 Ι_2716_000000000000000
|7 1
|9 203917
|a LISP
|b LISP
|c SER
|d 2016-06-22
|i 2716
|l 0
|o Ι 2716
|r 2016-06-22 00:00:00
|w 2016-06-22
|y JNL
|
| 998 |
|
|
|c ΙΩΑΝΝΟΥ
|d 2016-06
|
| 999 |
|
|
|c 124296
|d 124296
|